00400 2200157 4500001002100000008004100021035002000062245006200082260001800144300002200162084001400184082000800198650001200206990001200218990001200230INLIS000000000001099 Ind  a0010-0722000648 aKisah Bawang Merah dan Bawang PutihcAryasatya Ikranegara bLingkar Media a128c16,5 x 24 cm a398 ARY k a398 aFolklor aDI.1646 aDI.1785